00485nam a2200157Ia 4500020001800000082001900018245005200037260005400089300001500143504002200158650003000180650003400210650003300244650003100277700001900308 a81-7075-081-4 a304.60727 BIO- 0aBiostatistical aspects of health and population aNew DelhibHindustan Publishing Corporationc2006 axxiii, 345 aincludes appendix aBiometryvResearchzIndia aEpidemiologyvResearchzIndia aHealth carevResearchzIndia aPopulation researchzIndia aPandey, Arvind